Faculty of Law Library — Cairo University

Official Online Catalog

الوسيط في مبادئ القانون الإداري المصري و المقارن : (Record no. 42413)

MARC details
000 -LEADER
fixed length control field 01763nam a2200337 i 4500
003 - CONTROL NUMBER IDENTIFIER
control field EG-GICUC
005 - DATE AND TIME OF LATEST TRANSACTION
control field 20260121101207.0
008 - FIXED-LENGTH DATA ELEMENTS--GENERAL INFORMATION
fixed length control field 251111s1986 ua ||||f |||| 00| 0 ara d
017 ## - COPYRIGHT OR LEGAL DEPOSIT NUMBER
Copyright or legal deposit number 86/1824
040 ## - CATALOGING SOURCE
Original cataloging agency EG-GICUC
Language of cataloging ara
Transcribing agency EG-GICUC
Modifying agency EG-GICUC
Description conventions rda
041 ## - LANGUAGE CODE
Language code of text/sound track or separate title ara
082 04 - DEWEY DECIMAL CLASSIFICATION NUMBER
Edition number 21
Classification number 345
Item number م ص . و
092 04 - LOCALLY ASSIGNED DEWEY CALL NUMBER (OCLC)
Edition number 21
099 ## - LOCAL FREE-TEXT CALL NUMBER (OCLC)
Classification number law1 07 345 م ص . و 1 ed- 1986
100 0# - MAIN ENTRY--PERSONAL NAME
Personal name مصطفي محمود عفيفي
Relator term مؤلف.
245 ## - TITLE STATEMENT
Title الوسيط في مبادئ القانون الإداري المصري و المقارن :
Remainder of title دارسة نظرية و تطبيقية مقارنة في تنظيم و نشاط الأدارة العامة /
Statement of responsibility, etc. دكتور مصطفي محمود عفيفي .
Number of part/section of a work الكتاب الأول .
250 ## - EDITION STATEMENT
Edition statement الطبعة الاولي
264 ## - PRODUCTION, PUBLICATION, DISTRIBUTION, MANUFACTURE, AND COPYRIGHT NOTICE
Place of production, publication, distribution, manufacture الإسكندرية :
Name of producer, publisher, distributor, manufacturer شركة سعيد رأفت للطباعة ,
Date of production, publication, distribution, manufacture, or copyright notice 1986.
300 ## - PHYSICAL DESCRIPTION
Extent 495 صفحة
Dimensions 24 سم
Other physical details إيضاحيات، صور، مثيليات ؛
336 ## - CONTENT TYPE
Source rda content
Content type term text
337 ## - MEDIA TYPE
Source rda media
Media type term Computer
338 ## - CARRIER TYPE
Source rda carrier
Carrier type term Online Resource
504 ## - BIBLIOGRAPHY, ETC. NOTE
Bibliography, etc. note . 477-471ببليوجرافيا: صفحات.
505 ## - FORMATTED CONTENTS NOTE
Formatted contents note النظرية العامة للنظيم الادارى<br/>أصول القانون الادارى - الاشخاص الادارية العامة - المركزية واللامركزية<br/>الادارية - المرافق العامة التقليدية والمعاصرة - التنظيم الادارى فى مصر
546 ## - LANGUAGE NOTE
Language note النص أغلبه باللغة العربية بعض النصوص الإنجليزية والفرنسية
650 1# - SUBJECT ADDED ENTRY--TOPICAL TERM
Topical term or geographic name entry element القانون الإداري
Source of heading or term qrmak
651 1# - SUBJECT ADDED ENTRY--GEOGRAPHIC NAME
Source of heading or term qrmak
856 40 - ELECTRONIC LOCATION AND ACCESS
Uniform Resource Identifier <a href="https://fll.law.cu.edu.eg/fulltext/bks/B07-00827.pdf">https://fll.law.cu.edu.eg/fulltext/bks/B07-00827.pdf</a>
905 ## - Cataloger and Reviser Names
Cataloger Name: Habiba Yahya
942 ## - ADDED ENTRY ELEMENTS (KOHA)
Source of classification or shelving scheme Dewey Decimal Classification
Suppress in OPAC No
Koha item type Books
Edition 21
Holdings
Withdrawn status Lost status Source of classification or shelving scheme Damaged status Not for loan Collection Home library Current library Date acquired Total checkouts Full call number Barcode Date last seen Copy number Price effective from Koha item type
    Dewey Decimal Classification   Not for loan القانون الإداري جــــامعة القــاهرة مكتبة كلية الحقوق - المبنى الرئيسي 11.11.2025   law1 07 345 م ص . و 1 ed- 1986 0700827 C1 B07-00827 11.11.2025 1 11.11.2025 Books

© All rights reserved — Faculty of Law, Cairo University